Integrated Modeling Using Matlab, Simulink and COMSOL : With Heat, Air and Moisture Applications for Building Physics and Systems /

Uloženo v:
Podrobná bibliografie
Hlavní autor: Schijndel, Jos van (autor)
Médium: Kniha
Jazyk:angličtina
Vydáno: Sarrebruck, Alemania : VDM, 2008, c2008
Témata:
Tagy: Přidat tag
Žádné tagy, Buďte první, kdo vytvoří štítek k tomuto záznamu!

MARC

LEADER 00000nam^a2200000^a^4500
001 000300947
005 20250521000000.0
009 20260310112530.337
020 |a 978-3-639-10669-5 
037 |a Acervo ITESO - Biblioteca 
041 |a ING 
082 |a 530. 1518  |b SCH 
100 |a Schijndel, Jos van  |e (autor) 
245 1 0 |a Integrated Modeling Using Matlab, Simulink and COMSOL :  |b With Heat, Air and Moisture Applications for Building Physics and Systems /  |c J. van Schijndel. 
264 4 |a Sarrebruck, Alemania :  |b VDM,  |c 2008, c2008 
300 |a XIV, 197 p. 
336 |a texto  |b txt  |2 rdacontenido 
337 |a sin mediación  |b n  |2 rdamedio 
338 |a volumen  |b nc  |2 rdasoporte 
649 |a XX 
650 |a Paquetes (Software) 
650 |a Centrales Eléctricas 
650 |a Calor 
650 |a Humedad 
650 |a Modelos Matemáticos -  |x Tema Principal 
650 |a Métodos de Simulación -  |x Tema Principal 
650 |a Física 
910 |a Fondo General 
920 |a Impresos - Libros 
930 |a Colección General 
905 |a 101 
901 |a 0500186650  |b IT1  |c ACC  |i C123873  |u 20250521 
902 |a https://opac.biblio.iteso.mx/vufind/Record/000300947